[Event "AUTO-ADV-318"]
[Site "http://www.queenalice.com/game.php?id=135013"]
[Date "2006.11.30"]
[Round "1"]
[White "alequis"]
[Black "Rafale2000"]
[Result "0-1"]
[WhiteElo "1691"]
[BlackElo "1953"]

1. d4 c5 2. d5 d6 3. Nc3 g6 4. e4 Nd7 5. Bd3 Bg7 6. Nge2 Ne5 7. Bf4 Nxd3+ 8.
Qxd3 Nf6 9. O-O O-O 10. a4 a6 11. h3 Bd7 12. b3 Nh5 13. Bg5 h6 14. Be3 Qc8 15.
Qd2 Kh7 16. Ra2 b5 17. axb5 axb5 18. Rfa1 Qb7 19. g4 Nf6 20. Rxa8 Rxa8 21. Rxa8
Qxa8 22. g5 Nh5 23. gxh6 Qa1+ 24. Kg2 Be5 25. Qd3 Bxh3+ 26. Kxh3 Qh1+ 27. Kg4
Nf6+ 28. Kg5 Qh5# 0-1

[Event "AUTO-ADV-318"]
[Site "http://www.queenalice.com/game.php?id=135014"]
[Date "2006.11.30"]
[Round "1"]
[White "Rafale2000"]
[Black "alequis"]
[Result "0-1"]
[WhiteElo "1941"]
[BlackElo "1685"]

1. e4 c5 2. Nf3 Nc6 3. d4 cxd4 4. Nxd4 g6 5. c4 Nf6 6. Nc3 Nxd4 7. Qxd4 d6 8.
Nd5 Bg7 9. Be3 O-O 10. Qd2 Nxe4 11. Qc2 Bf5 12. Bd3 e6 13. Bxe4 Bxe4 14. Qxe4
exd5 15. Qxd5 Bxb2 16. Rb1 Qf6 17. O-O b6 18. Rfd1 Be5 19. Bd4 Rae8 20. a4 Bxd4
21. Qxd4 Re1+ 22. Rxe1 Qxd4 23. Rbd1 Qxc4 24. Rxd6 Qxa4 25. Red1 b5 26. R6d4 b4
27. Rb1 a5 28. h3 Qa2 29. Rdd1 Re8 30. Ra1 Qb3 31. Rdb1 Qd3 32. Rd1 Qb5 0-1

[Event "Challenge"]
[Site "http://www.queenalice.com/game.php?id=163100"]
[Date "2007.2.3"]
[Round "-"]
[White "JulioCG"]
[Black "alequis"]
[Result "0-1"]
[WhiteElo "1935"]
[BlackElo "1775"]

1. e4 Nf6 2. e5 Nd5 3. Nf3 d6 4. exd6 exd6 5. d4 Qe7+ 6. Be2 Bf5 7. O-O Nc6 8.
Re1 Be4 9. Bd3 f5 10. Nc3 Nxc3 11. bxc3 d5 12. c4 dxc4 13. Bxc4 Qd7 14. Bb5
O-O-O 15. c3 Bd6 16. Ng5 Rde8 17. Nxe4 Rxe4 18. Rxe4 fxe4 19. Be3 Rd8 20. g3 a6
21. Ba4 Ba3 22. Rb1 Qe6 23. Bb3 Qf5 24. Bc4 Na5 25. Be2 Qd5 26. Qc2 h5 27. c4
Qf5 28. Qa4 Be7 29. d5 b6 30. Qc2 Nb7 31. Qd1 g6 32. Kg2 Bc5 33. Bxc5 Nxc5 34.
h3 Rf8 35. Qe1 Nd3 36. Bxd3 exd3 37. Rb3 b5 38. cxb5 Qxd5+ 39. Kg1 d2 40. Qd1
Re8 41. Re3 Rxe3 42. fxe3 axb5 43. Kf2 c5 44. a3 c4 45. Ke2 Qg2# 0-1

[Event "Challenge"]
[Site "http://www.queenalice.com/game.php?id=163101"]
[Date "2007.2.3"]
[Round "-"]
[White "leduar"]
[Black "alequis"]
[Result "1/2-1/2"]
[WhiteElo "1817"]
[BlackElo "1756"]

1. e4 c5 2. Nf3 d6 3. Bc4 Nf6 4. Nc3 Nc6 5. d4 Bg4 6. dxc5 dxc5 7. Be3 Qxd1+ 8.
Rxd1 Bxf3 9. gxf3 e6 10. Rg1 a6 11. a3 b5 12. Be2 g6 13. f4 b4 14. axb4 cxb4 15.
Na4 Nxe4 16. Bf3 f5 17. Bc5 Bxc5 18. Nxc5 Rd8 19. Rxd8+ Kxd8 20. Nxe4 fxe4 21.
Bxe4 Kc7 22. Bd3 e5 23. f5 Nd4 24. Kd1 gxf5 25. Bxa6 Ra8 26. Rg7+ Kd6 27. Be2
Rc8 28. c3 bxc3 29. bxc3 Rxc3 30. Rxh7 Rc2 31. Rh6+ Kc5 32. Bd3 Rxf2 33. h4 e4
34. Ba6 e3 35. Rh8 e2+ 36. Bxe2 Nxe2 37. Ke1 Rh2 38. h5 f4 39. h6 Nd4 40. h7 Nc6
41. Kf1 f3 42. Kg1 Rg2+ 43. Kf1 Rh2 44. Ke1 Kd6 45. Rf8 Rxh7 46. Rxf3 Nd4 47.
Rf8 Rh2 48. Re8 Nf3+ 1/2-1/2

[Event "Brasil chess"]
[Site "http://www.queenalice.com/game.php?id=166906"]
[Date "2007.2.11"]
[Round "-"]
[White "alequis"]
[Black "mauricio_sm"]
[Result "0-1"]
[WhiteElo "1843"]
[BlackElo "1712"]

1. e4 e5 2. Nf3 d6 3. d4 Bg4 4. Bb5+ c6 5. Be2 Nf6 6. dxe5 Bxf3 7. exf6 Bxe2 8.
fxg7 Bxg7 9. Qxe2 Nd7 10. O-O Qe7 11. Nd2 d5 12. Qg4 Be5 13. exd5 cxd5 14. Nf3
O-O-O 15. Rd1 Qe6 16. Qxe6 fxe6 17. Re1 Bf6 18. Rxe6 Rde8 19. Rd6 Ne5 20. Rxf6
Nxf3+ 21. gxf3 Re1+ 22. Kg2 Rg8+ 23. Kh3 Rgg1 24. Rf8+ Kd7 25. Rf7+ Ke6 26. Rxb7
Rxc1 27. Rxc1 Rxc1 28. c3 Rc2 29. Kg3 Kf5 30. Rxh7 Rxb2 31. Rxa7 Rb1 32. h4 Rf1
33. Ra5 Ke6 34. a4 Rg1+ 35. Kh2 Rf1 36. Kg2 Rc1 37. Ra6+ Ke5 38. h5 Rxc3 39. h6
Kf4 40. Rf6+ Kg5 41. h7 Rc8 42. Rd6 Rh8 43. Rxd5+ Kg6 44. Rd7 Rxh7 0-1

[Event "Challenge"]
[Site "http://www.queenalice.com/game.php?id=168890"]
[Date "2007.2.15"]
[Round "-"]
[White "Jac"]
[Black "alequis"]
[Result "0-1"]
[WhiteElo "1776"]
[BlackElo "1758"]

1. e4 e5 2. Nf3 Nc6 3. Bb5 Nf6 4. Nc3 Nd4 5. Bc4 Bd6 6. d3 Nxf3+ 7. Qxf3 Bb4 8.
Bd2 d6 9. h3 c6 10. O-O-O O-O 11. a3 Bxc3 12. Bxc3 d5 13. exd5 cxd5 14. Bb5 Qb6
15. Ba4 Qa6 16. Bb3 d4 17. Bb4 Re8 18. Rhe1 Qb6 19. g4 a5 20. Bd2 Be6 21. Bxe6
Qxe6 22. b3 a4 23. Bg5 axb3 24. Bxf6 bxc2 25. Kxc2 Qa2+ 0-1

[Event "Challenge"]
[Site "http://www.queenalice.com/game.php?id=175085"]
[Date "2007.2.28"]
[Round "-"]
[White "alequis"]
[Black "yo_soy_lo_mejor"]
[Result "1-0"]
[WhiteElo "1855"]
[BlackElo "1823"]

1. d4 d5 2. c4 e6 3. Nc3 Nf6 4. Bg5 Be7 5. e3 c5 6. dxc5 Bxc5 7. cxd5 exd5 8.
Bxf6 Qxf6 9. Qxd5 Bb4 10. Qe4+ Be6 11. Qxb4 Nd7 12. Nb5 Qe5 13. Nf3 Qb8 14. Nd6+
Kd8 15. Ng5 Rf8 16. Nxh7 Rh8 17. Ng5 Rf8 18. Rd1 Qc7 19. Nb5 Qc5 20. Nxe6+ fxe6
21. Qxc5 1-0

[Event "Challenge"]
[Site "http://www.queenalice.com/game.php?id=175642"]
[Date "2007.3.1"]
[Round "-"]
[White "alequis"]
[Black "EL_CHICO"]
[Result "1-0"]
[WhiteElo "1817"]
[BlackElo "1917"]

1. d4 Nf6 2. c4 b6 3. e3 Ba6 4. Qa4 e6 5. Nf3 c6 6. Nc3 d5 7. b3 Bd6 8. Bd3 Bb7
9. O-O O-O 10. Ba3 c5 11. cxd5 exd5 12. Rac1 a6 13. dxc5 bxc5 14. Ng5 d4 15.
Nce4 Nxe4 16. Nxe4 Bc6 17. Qc4 Bd5 18. Qc2 f5 19. Nxd6 Qxd6 20. Bxf5 Rf6 21.
Bxc5 Qc6 22. Bxh7+ Kh8 23. Bxd4 Qxc2 24. Bxc2 Rh6 25. f3 Nc6 26. Rfd1 Nb4 27.
Bb1 Rc6 28. Rxc6 Bxc6 29. e4 Bb5 30. Bc3 a5 31. a4 Be2 32. Rd7 Rg8 33. Kf2 Ba6
34. Bxb4 axb4 35. Rd6 Bc8 36. e5 Re8 37. Bg6 1-0

[Event "Challenge"]
[Site "http://www.queenalice.com/game.php?id=177618"]
[Date "2007.3.6"]
[Round "-"]
[White "ENDHER"]
[Black "alequis"]
[Result "1-0"]
[WhiteElo "2326"]
[BlackElo "1901"]

1. d4 d5 2. c4 e6 3. Nc3 Nf6 4. Bg5 Be7 5. cxd5 Nxd5 6. Bxe7 Qxe7 7. Nf3 Nxc3 8.
bxc3 O-O 9. e4 c5 10. e5 cxd4 11. Qxd4 Qa3 12. Qb4 Qxb4 13. cxb4 Nc6 14. b5 Nb4
15. Rb1 Nxa2 16. Kd2 a6 17. bxa6 Rd8+ 18. Kc2 b5 19. Bxb5 Bxa6 20. Bxa6 Rxa6 21.
Rb3 Rc8+ 22. Kb2 Rca8 23. Rd1 R6a7 24. Nd4 Ra4 25. Nc6 g6 26. Rb7 Re4 27. Rd2
Kg7 28. f3 Rh4 29. Rdd7 Rxh2 30. Rxf7+ Kh8 31. Kb3 Nc1+ 32. Kc4 Rc8 33. Kd4 Ne2+
34. Ke3 Nc3 35. Nd4 Rh5 36. g4 Nd5+ 37. Kf2 Rh1 38. Kg3 Ne3 39. Nxe6 Kg8 40.
Rbd7 Re8 41. Ng5 h6 42. Nh7 Nd5 43. Nf6+ Nxf6 44. exf6 Ree1 45. Rg7+ Kf8 46.
Rdf7+ Ke8 47. Rb7 Rhg1+ 48. Kf4 Kf8 49. Rh7 1-0

[Event "Challenge"]
[Site "http://www.queenalice.com/game.php?id=181580"]
[Date "2007.3.14"]
[Round "-"]
[White "alequis"]
[Black "Donyelko"]
[Result "1-0"]
[WhiteElo "1837"]
[BlackElo "1892"]

1. d4 d5 2. c4 e6 3. Nc3 Nc6 4. cxd5 exd5 5. e3 Nf6 6. Bb5 Bd7 7. Nf3 Bd6 8. O-O
O-O 9. Bd2 Bg4 10. Bxc6 bxc6 11. Rc1 c5 12. dxc5 Bxc5 13. a3 Ne4 14. Be1 Ng5 15.
Qxd5 Nxf3+ 16. gxf3 Bd6 17. fxg4 Qh4 18. Qg2 Rfe8 19. Nb5 Re4 20. f4 Qe7 21. Nc3
Re8 22. Qxe4 1-0

[Event "Challenge"]
[Site "http://www.queenalice.com/game.php?id=185461"]
[Date "2007.3.21"]
[Round "-"]
[White "EL_CHICO"]
[Black "alequis"]
[Result "1-0"]
[WhiteElo "1918"]
[BlackElo "1868"]

1. d4 Nf6 2. c4 g6 3. Nc3 Bg7 4. Nf3 d6 5. Bf4 O-O 6. e4 c5 7. dxc5 dxc5 8. Bd3
Nc6 9. a3 Nh5 10. Be3 Bg4 11. Qc2 Bxf3 12. gxf3 Nd4 13. Bxd4 cxd4 14. Ne2 a5 15.
O-O-O e5 16. Kb1 Qf6 17. Ng3 Qxf3 18. Be2 Qxf2 19. Bxh5 Qxc2+ 20. Kxc2 gxh5 21.
Nxh5 Ra6 22. Rhg1 Rg6 23. Kb3 Bh8 24. Ka4 b6 25. Kb5 f5 26. exf5 Rxf5 27. Rxg6+
hxg6 28. Ng3 Rf2 29. b4 axb4 30. axb4 Rb2 31. Ne4 Bg7 32. Rg1 Kf7 33. Kxb6 Rxb4+
34. Kc5 Ra4 35. Kd5 Ra2 36. h3 Re2 37. c5 Rh2 38. c6 Rc2 39. Kd6 Rc4 40. Kd7 Bf8
41. c7 Be7 42. c8=Q Rxc8 43. Kxc8 Ke6 44. Rxg6+ Kd5 45. Rg4 Bd6 46. h4 Bf8 47.
Kd7 d3 48. Nc3+ Kc5 49. Ke6 Bh6 50. Kxe5 d2 51. Nd1 Bf8 52. h5 1-0

[Event "Challenge"]
[Site "http://www.queenalice.com/game.php?id=185991"]
[Date "2007.3.22"]
[Round "-"]
[White "Zen"]
[Black "alequis"]
[Result "0-1"]
[WhiteElo "1878"]
[BlackElo "1870"]

1. d4 d5 2. c4 Nf6 3. Bg5 e6 4. e3 Be7 5. c5 O-O 6. Nf3 Ne4 7. Bd3 Nxg5 8. Nxg5
Bxg5 9. O-O Nc6 10. Qh5 g6 11. Qg4 Nb4 12. Rd1 Bd7 13. Nc3 b6 14. Bb5 bxc5 15.
dxc5 c6 16. Qxb4 cxb5 17. Nxb5 Rb8 18. Qd4 Bxb5 19. Rac1 Bf6 20. Qf4 Bxb2 21.
Rc2 Qa5 22. c6 Qxa2 23. c7 Rbc8 24. Qb4 Rfe8 25. Qxb5 Re7 26. Rxb2 Qc4 27. Qb7
Rexc7 28. Qb3 Qxb3 29. Rxb3 Rc1 30. Rxc1 Rxc1# 0-1

[Event "Challenge"]
[Site "http://www.queenalice.com/game.php?id=188194"]
[Date "2007.3.26"]
[Round "-"]
[White "alequis"]
[Black "Malpaso"]
[Result "0-1"]
[WhiteElo "1843"]
[BlackElo "2049"]

1. d4 Nf6 2. c4 e6 3. Nc3 d5 4. cxd5 exd5 5. Nf3 Be7 6. e3 O-O 7. Bd3 Bg4 8. O-O
Nc6 9. Bd2 Qd7 10. a3 Rae8 11. b4 a6 12. Be2 Bd6 13. Qb3 Ne4 14. Ra2 Re6 15.
Nxd5 Rh6 16. h4 Be6 0-1

[Event "Challenge"]
[Site "http://www.queenalice.com/game.php?id=188200"]
[Date "2007.3.26"]
[Round "-"]
[White "alequis"]
[Black "BigAlex"]
[Result "0-1"]
[WhiteElo "1899"]
[BlackElo "1892"]

1. d4 Nf6 2. c4 g6 3. Nc3 Bg7 4. Nf3 d6 5. e3 O-O 6. Be2 Re8 7. O-O Bf5 8. Nh4
Qd7 9. Qb3 b6 10. Bf3 Nc6 11. Qb5 Na5 12. Bxa8 Rxa8 13. Nxf5 Qxf5 14. Qxf5 gxf5
15. b3 a6 16. Bb2 Nc6 17. a4 Nb4 18. Rfd1 Rd8 19. a5 Nd7 20. Ra4 c5 21. axb6
Nxb6 22. Ra5 Nd7 23. dxc5 Ra8 24. cxd6 e6 25. Ra4 a5 26. Rd2 Kf8 27. Na2 Nc6 28.
Bxg7+ Kxg7 29. Ra3 Rb8 30. Nc3 f6 31. Nb5 e5 32. Rd5 Nb4 33. Rd2 Ra8 34. Nc7 Ra7
35. Nd5 Nc6 36. Rda2 Rb7 37. Ne7 Ndb8 38. Nxf5+ Kg6 39. e4 Nd7 40. f3 h5 41. g4
hxg4 42. fxg4 Nc5 43. Rd2 Nxe4 0-1

[Event "Challenge"]
[Site "http://www.queenalice.com/game.php?id=191611"]
[Date "2007.4.4"]
[Round "-"]
[White "yo_soy_lo_mejor"]
[Black "alequis"]
[Result "1-0"]
[WhiteElo "1905"]
[BlackElo "1883"]

1. e4 c5 2. Nf3 d6 3. d4 cxd4 4. Nxd4 Nf6 5. Nc3 Nc6 6. Be2 Bd7 7. Be3 Nxd4 8.
Bxd4 e5 9. Be3 Be7 10. a4 O-O 11. O-O a6 12. a5 1-0